Normal view
MARC view
- Baig, Dr. Mirza Hamid
Entry Personal Name
001 - CONTROL NUMBER
- control field: 68182
003 - CONTROL NUMBER IDENTIFIER
- control field: NUST
005 - DATE AND TIME OF LATEST TRANSACTION
- control field: 20210628204008.0
008 - FIXED-LENGTH DATA ELEMENTS
- fixed length control field: 210628|| aca||aabn | a|a d
040 ## - CATALOGING SOURCE
- Original cataloging agency: NUST
- Transcribing agency: NUST
100 ## - HEADING--PERSONAL NAME
- Personal name: Baig, Dr. Mirza Hamid
670 ## - SOURCE DATA FOUND
- Source citation: Work cat.: (NUST): Baig, Dr. Mirza Hamid, Baagh o bahar , meer aman deli walay, 2004
